Library Banner

اصول فارسیْ (Record no. 89042)

MARC details
000 -LEADER
fixed length control field 00484nam a22001457a 4500
005 - DATE AND TIME OF LATEST TRANSACTION
control field 20161207115218.0
008 - FIXED-LENGTH DATA ELEMENTS--GENERAL INFORMATION
fixed length control field 161203b xxu||||| |||| 00| 0 eng d
040 ## - CATALOGING SOURCE
Transcribing agency PK-LaUMT
082 ## - DEWEY DECIMAL CLASSIFICATION NUMBER
Classification number MSC 491.555
Item number ALT-U
100 ## - MAIN ENTRY--PERSONAL NAME
Personal name Altaf Hussain Hali; مولانا الطاف حسین حالی
245 ## - TITLE STATEMENT
Title اصول فارسیْ
Statement of responsibility, etc مولانا الطاف حسین حالی: مرتب احمد رضا
260 ## - PUBLICATION, DISTRIBUTION, ETC. (IMPRINT)
Place of publication, distribution, etc لاھور:
Name of publisher, distributor, etc مجلس ترقی ادب
Date of publication, distribution, etc 2009
300 ## - PHYSICAL DESCRIPTION
Extent 261 ص
942 ## - ADDED ENTRY ELEMENTS (KOHA)
Koha item type Books
Holdings
Withdrawn status Lost status Damaged status Home library Current library Date acquired Full call number Barcode Date last seen Price effective from Koha item type
      UMT Main Campus UMT Main Campus 2016-12-03 MSC 491.555 ALT-U 102784 2018-02-20 2016-12-03 Books